Statystyki dla stolice niektórych państw poziom średniotrudny

Kliknij tutaj aby rozwiązać quiz!

Ogólne statystyki

  • Ten quiz został rozwiązany 22 razy
    (19 od ostatniego zresetowania)
  • Średni wynik to 5 z 8

Statystyki odpowiedzi

państwoodpowiedz% Poprawnych
NorwegiaOslo
100%
AlgieriaAlgier
86%
LiechtensteinVaduz
86%
KatarAd-Dauha
71%
MadagaskarAntananarywa
57%
NigeriaAbudża
43%
RwandaKigali
36%
PalauNgerulmud
21%

Rozkład punktacji

Percentyl według liczby udzielonych odpowiedzi

Procent ludzi z każdym wynikiem

Twoja historia wyników

Nie rozwiązałeś tego quizu od ostatniego zresetowania